|
|
|
|
| LEADER |
00826nam a2200229 a 4500 |
| 001 |
000612434 |
| 003 |
CZ BrMZK |
| 005 |
20020801082804.0 |
| 007 |
ta |
| 008 |
020725s1972 gw f ger d |
| 040 |
|
|
|a BOA001
|b cze
|c BOA001
|
| 041 |
1 |
|
|a ger
|h cze
|
| 100 |
1 |
|
|a Machovec, Milan,
|d 1925-2003
|7 jk01073057
|4 aut
|
| 245 |
1 |
0 |
|a Jesus für Atheisten /
|c Milan Machovec ; mit einem Geleitwort von Helmut Gollwitzer
|
| 250 |
|
|
|a 1. Aufl.
|
| 260 |
|
|
|a Stuttgart :
|b Kreuz Verlag,
|c 1972
|
| 300 |
|
|
|a 17, 300 s.
|
| 700 |
1 |
|
|a Gollwitzer, Helmut,
|d 1908-1993
|7 jn20000602018
|4 wfw
|
| 910 |
|
|
|a BOA001
|b 1-0950.345
|
| 990 |
|
|
|a BK
|
| 996 |
7 |
|
|b 2619604932
|c 1-0950.345
|l MZK
|r Sklad / do 1 hodiny
|n 0
|w 000612434
|u 000020
|a 1
|e BOA001
|j MZK50
|s A
|
| 996 |
7 |
|
|b 2619707831
|c 1-0950.345
|l MZK
|r Sklad / do 1 hodiny
|n 2
|w 000612434
|u 000010
|a 1
|e BOA001
|j MZK50
|s A
|